000 00518cam a2200205 4500
001 J296
008 090401t1991 xxu||||| |||| 00| 0 eng d
035 _a(Sirsi) u74303
041 _aeng
050 _a333.33025
110 _aRoyal Institution of Chartered Surveyors
_94900
245 _aGeographical directory 1992.
260 _aLondon
_bMacMillan
_c1991
300 _axlviii,881p. ; 25cm.
350 _a0
650 _aABOUT RICS-RICS MEMBERS
650 _aDIRECTORIES
942 _n0
948 _c04/03/1997
999 _c95805
_d95805